Housing sector strategy workshop (Record no. 113767)

MARC details
000 -LEADER
fixed length control field 01395cad a22002175a 4500
001 - CONTROL NUMBER
control field L155701
008 - FIXED-LENGTH DATA ELEMENTS--GENERAL INFORMATION
fixed length control field 120403s2012 xxk f 000 0 eng d
035 ## - SYSTEM CONTROL NUMBER
System control number (Sirsi) u155701
041 0# - LANGUAGE CODE
Language code of text/sound track or separate title eng
110 2# - MAIN ENTRY--CORPORATE NAME
Corporate name or jurisdiction name as entry element Constructing Excellence in the Built Environment
9 (RLIN) 4925
245 00 - TITLE STATEMENT
Title Housing sector strategy workshop
Medium [electronic resource]
260 ## - PUBLICATION, DISTRIBUTION, ETC.
Place of publication, distribution, etc. London
Name of publisher, distributor, etc. Constructing Excellence in the Built Environment
Date of publication, distribution, etc. 2012
505 2# - FORMATTED CONTENTS NOTE
Formatted contents note Introduction -- Background -- Workshop -- Areas of Focus -- Method of Identification -- Frameworks -- Key Performance Indicators -- BIM(M) / COBie -- ECO and Green Deal -- Recommendations to the Board -- Services -- Options -- Thematic Working Group -- Align Back with the Housing Forum -- Outreach to Partners -- Appendices -- Attendees -- Agenda -- Srategy Matrix -- Clients -- New Build Refurbishment, Repairs & Maintenance, and Retrofit
520 ## - SUMMARY, ETC.
Summary, etc. A report of a workshop which was held to explore potential needs and strategies for providing or signposting a range of services to housing organisations.
590 ## - LOCAL NOTE (RLIN)
Local note KA NTK
651 #4 - SUBJECT ADDED ENTRY--GEOGRAPHIC NAME
Geographic name United Kingdom
Chronological subdivision
690 ## - LOCAL SUBJECT ADDED ENTRY--TOPICAL TERM (OCLC, RLIN)
Topical term or geographic name as entry element Construction management
9 (RLIN) 6230
690 ## - LOCAL SUBJECT ADDED ENTRY--TOPICAL TERM (OCLC, RLIN)
Topical term or geographic name as entry element Residential property
9 (RLIN) 6266
856 40 - ELECTRONIC LOCATION AND ACCESS
Uniform Resource Identifier <a href="https://www.constructingexcellence.org.uk/pdf/CE%20Housing%20Sector%20Strategy%20Workshop%20February%202012.pdf">https://www.constructingexcellence.org.uk/pdf/CE%20Housing%20Sector%20Strategy%20Workshop%20February%202012.pdf</a>
Public note View this report free of charge at www.constructingexcellence.org.uk
942 ## - ADDED ENTRY ELEMENTS (KOHA)
Suppress in OPAC 0
Holdings
Withdrawn status Lost status Source of classification or shelving scheme Damaged status Not for loan Home library Current library Shelving location Date acquired Total Checkouts Full call number Barcode Date last seen Copy number Price effective from Koha item type
    Dewey Decimal Classification     Virtual Virtual Online 03/04/2012   ONLINE PUBLICATION 155701-2001 06/08/2019 1 06/08/2019 Book